Les 25 Meilleurs clubs de football selon l'UEFA. - Statistiques

Statistiques générales
  • Ce quiz a été pris 536 fois
  • Le résultat moyen est 14 sur 25
Statistiques - réponses
Classement Réponse Nationalité % Correct
1er Real Madrid Espagne
99%
2ème Manchester City Angleterre
95%
4ème Liverpool Angleterre
92%
5ème Paris Saint-Germain France
90%
3ème Bayern Munich Allemagne
89%
7ème Inter Milan Italie
87%
19ème AC Milan Italie
86%
13ème Manchester United Angleterre
81%
14ème Arsenal Angleterre
73%
11ème FC Barcelone Espagne
71%
12ème Atletico Madrid Espagne
66%
15ème Benfica Portugal
65%
8ème Borussia Dortmund Allemagne
60%
6ème AS Roma Italie
51%
10ème Bayer Leverkusen Allemagne
51%
21ème Juventus Turin Italie
48%
18ème FC Porto Portugal
47%
16ème Atalanta Italie
40%
24ème Lazio Rome Italie
28%
23ème Feyenoord Pays-Bas
27%
20ème RB Leipzig Allemagne
21%
17ème Villareal Espagne
20%
22ème Club Brugge Belgique
15%
25ème West Ham United Angleterre
4%
9ème Chelsea CF Angleterre
2%
Aucun quiz correspondant
Distribution des résultats
% des personnes avec chaque résultat
Percentile par nombre de réponses
Votre historique - résultats
Vous n’avez pas pris ce quiz